00513nam a2200145Ia 4500008004100000041000800041082001600049100001800065245004500083260005900128300002400187365000900211999001700220952013000237240624s9999 xx 000 0 und d aeng a330.954 DOS aDOSSANI RAFIQ aINDIA ARRIVING HOW THIS ECONOMIC POWERHO c2007aNew YorkbAMACOM/American Management Association a291 : p. : cm. ; 22 cb30 c13429d13429 00104070aIMTNbIMTNcRack 8-Ad2009-06-25eBWEg24.00n7672o330.954 DOSp13429r2024-06-24 00:00:00t51.5w2024-06-24yBK